000 00616nam a2200193Ia 4500
005 20250508161637.0
008 008 250505s9999 xx 000 0 eng d
037 _aTextual
040 _aFEDL
_beng
_cFEDL
041 _aeng
_2eng
084 _a371.4, VAN
_qFEDL
100 _aVan Hoose William H Ed.
_9771159
245 0 _aCounsiling and guidance in the twentieth century : Reflections and reformulations
260 _aBoston, USA
_bHoughton Mifflin Company
_c1970
300 _axiii,346p
700 _a Pietrofesa John J Ed.
_9771160
942 _cTEXL
_h371.4, VAN
999 _c1371298
_d1371298